Malý atlas liečivých rastlín

Podrobná bibliografia
Hlavný autor: Thurzová, Ľudmila, 1881-1971 (Autor)
Ďalší autori: Thurzo, Fedor, 1907-1986 (Autor úvodu atď.), Svolinský, Karel, 1896-1986 (Ilustrátor), Hísek, Květoslav, 1931- (Ilustrátor)
Médium: Kniha
Jazyk:slovenčina
Fyzický popis:443 strán ilustrácie 8°
Vydavateľské údaje: Martin Osveta 1975
Vydanie:6. vyd.
Predmet:

MARC

LEADER 00000cam a2200000 a 4500
001 vtls008312799
003 SK-MaSNL
005 20260301041155.0
008 230501s1975 xo a gr 000 0 slo
015 |a SNBA1975/01-00092 
020 |q (viazané) 
035 |a SK01SNK19750005016 
035 |a CF11E1AC-BE7F-41DA-9CD3-CE44B9B1E7C3 
035 |a urn:nbn:sk:snk-am00iirq 
035 |a SKM000007479 
040 |a SNK  |b slo  |c SNK  |e AACR2 
041 0 |a slo 
044 |a xo  |c SK 
072 7 |a 633  |x Rastlinná výroba  |2 konspekt 
080 |a 633.88(084.4)  |2 1981 
080 |a 633.88  |2 2011 
080 |a (084.4)  |2 2011 
245 0 0 |a Malý atlas liečivých rastlín  |c Ľ. Thurzová ... [et al.] ; usporiadal a doslov napísal Fedor Thurzo ; ilustrovali Karel Svolinský a Květoslav Hísek 
250 |a 6. vyd. 
260 |a Martin  |b Osveta  |c 1975  |e Martin  |f Tlačiarne SNP - Neografia 
300 |a 443 strán  |b ilustrácie  |c 8° 
366 |e 25000 výtl. 
650 0 7 |a liečivé rastliny  |2 SNKPH  |9 3510 
655 7 |a atlasy  |2 SNKPH  |9 70424 
700 1 |a Thurzová, Ľudmila,  |d 1881-1971  |4 aut  |9 38541 
700 1 |a Thurzo, Fedor,  |d 1907-1986  |4 aui  |9 117950 
700 1 |a Svolinský, Karel,  |d 1896-1986  |4 ill  |9 115863 
700 1 |a Hísek, Květoslav,  |d 1931-  |4 ill  |9 106486 
852 |a Slovenská národná knižnica 
954 |a odborná, vedecká literatúra pôvodná (slovenská)  |2 lita 
958 |a TL 
958 |a RK 
958 |a OND 
958 |a EUIPO 
999 |c 587774  |d 589704 
952 |a SNK  |b SNK  |y PREZ  |7 0  |p 17A0225269  |o snkSC 35525  |i snkKSP 1294/75  |0 0  |1 0  |4 0  |d 2006-07-21  |f 1  |l 0  |r 2025-10-03 00:00:00  |w 2026-02-23 
952 |a SNK  |b SNK  |y VYP  |7 0  |p 17A0515523  |o snkSC 35525 D1  |i snkKSP 1295/75  |0 0  |1 0  |4 0  |d 2006-07-21  |l 0  |r 2026-02-23 15:14:34  |w 2026-02-23